| 000 | 00598nam a2200205 a 4500 | ||
|---|---|---|---|
| 005 | 20250527063805.0 | ||
| 008 | 140526s2007 mx r 000 0 spa d | ||
| 020 | _a9709536737 | ||
| 035 | _aUPN01000197536 | ||
| 049 | _aI | ||
| 050 | 4 |
_aPZ74.3 _bM3.73 |
|
| 100 | 1 |
_aMartínez Blanco, Enrique, _d1947- _932755 |
|
| 245 | 0 | 0 |
_aSeñora Santa Ana : _bpoemas, canciones y juegos / _cEnrique Martínez. |
| 260 |
_aMéxico : _bTané, _cc2007. |
||
| 300 |
_a45 p. : _bil. col. |
||
| 650 | 4 |
_aRimas infantiles _910247 |
|
| 650 | 2 |
_aCanciones infantiles _95682 |
|
| 905 | _aInfantil | ||
| 999 |
_c169637 _d169637 |
||